| 000 | 01710nam a2200361 c 4500 | ||
|---|---|---|---|
| 003 | BLK | ||
| 005 | 20230511030338.0 | ||
| 008 | 180407b bul|||||r ||||||| ||bul|| | ||
| 010 | _aKNG00030965000 | ||
| 040 | _aBLK | ||
| 041 |
_aBUL _cBUL |
||
| 080 |
_aПроблеми на опазване на природата, свързани с отпадъчни води и отпадъци _b502:628.3/.5 _x _z502:628.3/.5 |
||
| 100 | 1 |
_aТахта, Софи _eпърви автор _9127986 |
|
| 700 | 1 |
_aЛатева, Екатерина Иванова _9363572 |
|
| 700 | 1 |
_aКинг, Колин _eил. _9269737 |
|
| 700 | 1 |
_aСмит, Гай _eил. _9365932 |
|
| 139 |
_aТахта, Софи _bТ 39 |
||
| 245 | 1 | 0 |
_aКъде отива боклукът? _bКн. за деца _cСофи Тахта; прев. от англ. Екатерина Иванова Латева; ил. Колин Кинг; ил. Гай Смит. |
| 257 | _aGBR | ||
| 260 |
_аСофия _bФют _c2000 _fСофия : ПК Д. Благоев |
||
| 300 |
_a24 с. _bс ил. _c18Х18 см |
||
| 380 | _aDN | ||
| 490 | 1 | _aПърви стъпки в науката | |
| 500 | _aОриг. загл. Where Does Rubbish Go. - Авт. не е отбелязана на кор. - Прев. Екатерина Латева е известна като Екатерина Иванова. - Офс. изд. - 3 000 тир. | ||
| 650 | 4 |
_aОколна среда - опазване _9244652 |
|
| 653 | _aопазване на околната среда | ||
| 653 | _aотпадъци | ||
| 852 | _aЦб І 30011 | ||
| 856 | 4 |
_qpdf _u |
|
| 856 | 4 |
_qpdf _u |
|
| 942 |
_cKNG _n0 |
||
| 944 |
_aCR _c15.01.2003 _kAB_DOS |
||
| 944 |
_aED _c18.09.2015 _kЕлица_Владова |
||
| 999 |
_c28371 _d28371 |
||